| 000 | 00000nam##2200000za#4500 |
| 001 | 9.643520 |
| 003 | CaOODSP |
| 005 | 20210624224216 |
| 007 | cr ||||||||||| |
| 008 | 150407|2007||||xxc|||||o f|0| 0 fre|d |
| 040 | |aCaOODSP|bfre |
| 043 | |an-cn--- |
| 086 | 1 |aR74-6/2007F-PDF |
| 110 | 1 |aCanada.|bAffaires indiennes et du Nord. |bDivision des ressources hydriques. |
| 245 | 10|aDirectives d'élaboration de plans d'urgence en cas de déversement |h[ressource électronique] |
| 260 | |aYellowknife - Territoires du Nord-Ouest : |bAffaires indiennes et du Nord. |cAvril 2007. |
| 590 | |a15-02-Supp|b2015-02-16 |
| 691 | 07|aDéversement de produits toxiques|2gcpds |
| 691 | 07|aProtection civile|2gcpds |
| 775 | 08|tGuidelines for spill contingency planning |w(CaOODSP)9.699490 |
| 856 | 40|ahttp://publications.gc.ca|qPDF|s1.36 Mo|uhttps://publications.gc.ca/collections/collection_2014/aadnc-aandc/R74-6-2007-fra.pdf |